000 00315nam a22001337a 4500
999 _c12013
_d12013
020 _a0-201-54448-2
082 _a658.3
100 _aRobin Evenden
245 _aManagement Skills making the most of people
260 _aNew York
_bAddison Wesley
_c2002
300 _a374
650 _aManagement
942 _cBK